| 000 | 00847nas a2200289 4500 | ||
|---|---|---|---|
| 001 | BR0802260 | ||
| 003 | BR-BrBNA | ||
| 005 | 20231205111939.0 | ||
| 007 | ta | ||
| 008 | 230509b bl.|||p| |||| 00| 00por d | ||
| 040 |
_aBR-BrBNA _bpor _cBiblioteca Nacional de Agricultura |
||
| 041 | _a(En) | ||
| 072 | _aL60 | ||
| 100 | 1 | _aKoller, W.W. | |
| 100 | 1 | _aGomes, A. | |
| 100 | 1 | _aRodrigues, S.R. | |
| 100 | 1 | _aMendes, J. | |
| 245 | 1 | _aStaphylinidae (Coleoptera)associated to Cattle Dung in Campo Grande, MS, Brazil | |
| 650 | _aINSETO | ||
| 650 | _aPASTAGEM | ||
| 650 | _aDIVERSIDADE | ||
| 650 | _aDISTRIBUIÇÃO GEOGRÁFICA | ||
| 650 | _aMATO GROSSO | ||
| 773 | 0 |
_tNeotropical Entomology (Brazil) _xISSN 1519-566X _g(Oct-Dec 2002), v. 31(4) p. 641-645 _wBR0802260 |
|
| 909 |
_a202311 _bLúcia _c55 _dLúcia Elande |
||
| 942 |
_2AGRIS _n0 _cANA |
||
| 999 |
_c195272 _d195272 |
||